| 000 | 00716nam a2200229Ia 4500 | ||
|---|---|---|---|
| 020 | _a9251050236 | ||
| 040 | _cOSU | ||
| 082 | _a338 FOO 2003 A079 Or. | ||
| 100 | 1 | _aTietze, Uwe, | |
| 245 | 1 | 0 |
_aMicrofinance in fisheries and aquaculture : _bguidelines and case studies / |
| 260 |
_aRome : _bFood and Agriculture Organization of the United Nations, _cc2003 |
||
| 300 |
_axii, 103 p. : _bill. (some col.) ; _c30 cm |
||
| 490 | 1 | _aFAO fisheries technical paper, | |
| 650 | 0 | _aFisheries | |
| 650 | 0 | _aFisheries | |
| 650 | 0 | _aAquaculture | |
| 650 | 0 | _aAquaculture | |
| 650 | 0 | _aMicrofinance | |
| 700 | 1 | _aVillareal, Lolita V | |
| 710 | 2 | _aFood and Agriculture Organization of the United Nations | |
| 942 | _cEK | ||
| 999 |
_c15967 _d15967 |
||